000 00480nam a2200169Ia 4500
005 20240712014400.0
008 240331s9999 xx 000 0 und d
020 _a0226752178
082 _a193
_bSHE
100 _aShell, S.M
245 4 _aThe embodiment of reason :
_bKent on spirit,generation,and community
260 _aLondon
_bThe University of Chicago press, Ltd
_c1996
300 _avii, 483 p .,
650 _aSexual Politics
650 _aCritical Philosophy
942 _cL
999 _c766
_d766